000
00302nam a22001337a 4500
008
170601b xxu||||| |||| 00| 0 eng d
020
_a
i3kpu5xjiu2x8r
041
_a
eng
080
_2
12TH
_a
94(7/8)
100
_a
17
101
_a
SHH
245
_a
THA AMERICAN NATION
_c
CARNES,M.C
942
_2
udc
_c
BK
999
_c
15362
_d
15362